NBA Player by Nickname - Statistics

General Stats
  • This quiz has been taken 47 times
  • The average score is 31 of 38
Answer Stats
Nickname Answer % Correct
Black Mamba Kobe Bryant
100%
Greek Freak Giannis Antetokounmpo
98%
The Beard James Harden
98%
Dr. J Julius Erving
98%
KAT Karl-Anthony Towns
98%
World B. Flat Kyrie Irving
96%
King _____ Lebron James
96%
Air ______ Michael Jordan
96%
Diesel Shaquille O'Neal
96%
The Brow Anthony Davis
93%
Slim Reaper Kevin Durant
93%
Magic Magic Johnson
93%
Baby-Faced Assassin Steph Curry
93%
The Dream Hakeem Olajuwon
91%
Joker Nikola Jokic
91%
Brodie Russell Westbrook
91%
The Big Fundamental Tim Duncan
91%
Clyde the Glide Clyde Drexler
89%
The Admiral David Robinson
87%
The Answer Allen Iverson
84%
Iso Joe Joe Johnson
84%
The Big Ticket Kevin Garnett
84%
Pistol ____ Pistol Pete
84%
The Glove Gary Payton
80%
The Stilt Wilt Chamberlain
78%
White Chocolate Jason Williams
76%
The Truth Paul Pierce
76%
White Mamba Brian Scalabrine
73%
Round Mound of Rebound Charles Barkley
73%
Mr. Triple Double Oscar Robertson
73%
Flash Dwyane Wade
69%
The Iceman George Gervin
69%
The Hick from French Lick Larry Bird
64%
Human Highlight Reel Dominique Wilkins
62%
Swaggy P Nick Young
58%
Big Shot Bob Robert Horry
51%
Nasty man Karl Malone
31%
"Don't Google" Evan Fornier
7%
No matching quizzes found
Score Distribution
Percent of People with Each Score
Percentile by Number Answered
Your Score History
You have not taken this quiz